000 01071cam a2200349 a 4500
999 _c741
_d741
001 000032174274
003 CaOOAMICUS
005 20210616135404.0
008 051207s2006 onca 001 0 eng
016 _a20059075384
020 _a0070951683 :
020 _a9780070951686
035 _a(Sirsi) a2891548
040 _aCaOONL
_beng
_cCaOONL
_dCaOONL
050 _aHF5657.4
_b.M38 2006
055 0 1 _aHF5657.4
055 0 _aHF5657.4
_bM38 2006
082 0 _a658.15/11
_222
090 _a658.1511 MAN
245 0 0 _aManagerial accounting /
_cRay H. Garrison ... [and others].
250 _aSeventh Canadian edition
260 _aToronto :
_bMcGraw Hill Ryerson,
_cc2006.
300 _axxxii, 767, 14 pages :
_billustrations (chiefly color) ;
_c29 cm.
336 _atext
_btxt
_2rdacontent
337 _aunmediated
_bn
_2rdamedia
338 _avolume
_bnc
_2rdacarrier
504 _aIncludes bibliographical references and indexes.
650 0 _aManagerial accounting
_vTextbooks.
700 1 _aGarrison, Ray H.
910 _aCanadian.
942 _2lcc
_cBK
_nSO